01103cam a22002891i 4500001001300000003000400013005001700017008004100034010001700075035001900092040003100111050002200142051001600164082001100180086001600191100003700207245012900244260004900373300008300422410005700505500004300562500007600605504003500681650003700716650004300753999001700796gs 56000124 DLC20260227111404.0780406s1955 dcuabd b f000 0 eng  ags 56000124  a(OCoLC)3784457 aDLCcOClUdISSdOCoLCdDLC00aQE75b.P9 no. 278 aQE86.Y3bA6 a557.910 aI 19.16:2781 aAnderson, Charles Alfred,d1902-00aGeology and ore deposits of the Bagdad area, Yavapai County, Arizona /cby C. A. Anderson, E. A. Scholz, and J. D. Strobell. aWashington :bU.S. Govt. Print. Off.,c1955. a103 p. :bill. (1 col.), maps (part fold., 1 col.), diagrs., tables. ;c29 cm.20aGeological Survey (U.S.).tProfessional paper ;v278 aPart of illustrative matter in pocket. aA study of the Bagdad porphyry copper deposit and its geologic setting. a"Literature cited" : p. 98-99. 0aGeologyzArizonazYavapai County 0aOre depositszArizonazYavapai County. c29045d29045